| 000 | 00676nam a22002297a 4500 | ||
|---|---|---|---|
| 003 | OSt | ||
| 005 | 20240530110425.0 | ||
| 008 | 150323s2008 ua aop f 000 0 eng d | ||
| 020 | _a9780811708142 | ||
| 040 |
_aEG-CaGPL _cEG-CaGPL |
||
| 082 | 0 | 4 |
_221 _a748.85\ _bM G |
| 100 | 1 | _aMehaffey , louise | |
| 245 | 1 | 0 |
_aGlass beads : _btips, tools, and techniques for learning the craft / _clouise Mehaffey |
| 250 | _a1st pbk. ed. | ||
| 260 |
_aMechanicsburg, PA : _b Stackpole Books, _c2011 |
||
| 300 |
_a131 p. : _bill. ; _c28 cm. |
||
| 650 | 0 | _a Glass beads | |
| 650 | 0 | _aGlass craft | |
| 650 | 0 | _aElectronic books | |
| 650 | 0 | _aGlass blowing and working | |
| 942 |
_2ddc _cBK |
||
| 999 |
_c60736 _d60736 |
||